Vývoj generického lieku trvá asi dva roky

Bibliographic Details
Main Author: Žiaková, Magda (Author)
Format: Article
Language:Slovak
ISSN:1335-4477
Subjects:

MARC

LEADER 00000nab a2200000 a 4500
001 vtls000790113
003 SK-MaSNL
005 20260302155917.0
008 140303c2002 xo 0 slo
015 |a SNBRB2002/04-12035 
035 |a CLN000141768 
040 |a SNKBUCL  |b slo  |c SNKBUCL  |e AACR2 
041 0 |a slo 
044 |a xo  |c SK 
080 |a 615.O14.2  |2 1997 
100 1 |a Žiaková, Magda  |4 aut  |9 839575 
245 1 0 |a Vývoj generického lieku trvá asi dva roky  |c Magda Žiaková 
650 0 7 |a generiká  |x vývoj  |2 snkbucl  |9 855117 
650 0 7 |a lieky  |x generiká  |x vývoj  |2 snkbucl  |9 855118 
655 7 |a články z novín a časopisov  |2 snkbucl  |9 267496 
773 0 |t Zdravotnícke noviny  |g Roč. 7, č. 11 (2002), s. 6  |x 1335-4477 
850 |a Slovenská národná knižnica v Martine 
852 |a SNK  |b KIS3GCP 
958 |a MI 
992 |a RBX 
999 |c 1373022  |d 1374952